[Event "Oberliga Bayern 0405"]
[Site "Bayern"]
[Date "2005.01.16"]
[Round "5.7"]
[White "Koepf, Reinhard"]
[Black "Muehlbauer, Andreas"]
[Result "1/2-1/2"]
[WhiteElo "2086"]
[BlackElo "1758"]
[PlyCount "58"]
[EventDate "2004.10.24"]
[EventType "team-tourn"]
[EventRounds "9"]
[EventCountry "GER"]
[SourceTitle "EXT 2020"]
[Source "ChessBase"]
[SourceDate "2019.10.17"]
[SourceVersion "1"]
[SourceVersionDate "2019.10.17"]
[SourceQuality "1"]
[WhiteTeam "Forchheim SC II"]
[BlackTeam "Koetzting"]
[WhiteTeamCountry "GER"]
[BlackTeamCountry "GER"]

1. d4 Nf6 2. Nf3 g6 3. Bg5 Bg7 4. Nbd2 d5 5. e3 Nbd7 6. Bd3 b6 7. 0-0 Bb7 8. Qe2 Ne4 9. Bf4 c5 10. c3 0-0 11. Rfd1 Nxd2 12. Rxd2 Re8 13. Bb5 a6 14. Bxd7 Qxd7 15. Ne5 Qf5 16. Qg4 Qxg4 17. Nxg4 Rac8 18. Ne5 f6 19. Nf3 e5 20. Bg3 cxd4 21. exd4 e4 22. Ne1 Bh6 23. Re2 Re6 24. Nc2 Rce8 25. h3 f5 26. Be5 a5 27. Ne3 Bg5 28. g3 h5 29. h4 Bxe3 1/2-1/2

[Event "Mittelfranken-ch HT 53rd"]
[Site "Lauf"]
[Date "2004.04.08"]
[Round "6"]
[White "Kaiser, Harald"]
[Black "Koepf, Reinhard"]
[Result "1/2-1/2"]
[WhiteElo "1889"]
[BlackElo "2081"]
[PlyCount "36"]
[EventDate "2004.04.06"]
[EventType "swiss"]
[EventRounds "9"]
[EventCountry "GER"]
[SourceTitle "EXT 2011"]
[Source "ChessBase"]
[SourceDate "2010.11.26"]
[SourceVersion "1"]
[SourceVersionDate "2010.11.26"]
[SourceQuality "1"]

1. e4 c6 2. d4 d5 3. exd5 cxd5 4. c4 Nf6 5. Nc3 e6 6. Nf3 Be7 7. c5 b6 8. b4 0-0 9. Bd3 a5 10. Na4 Nfd7 11. a3 axb4 12. axb4 e5 13. Nxe5 Nxe5 14. dxe5 bxc5 15. bxc5 Bxc5 16. 0-0 Be7 17. Bb2 Ba6 18. Nc3 d4 1/2-1/2

[Event "Mittelfranken-ch HT 53rd"]
[Site "Lauf"]
[Date "2004.04.07"]
[Round "4"]
[White "Hegele, Juergen"]
[Black "Koepf, Reinhard"]
[Result "1/2-1/2"]
[WhiteElo "1842"]
[BlackElo "2081"]
[PlyCount "63"]
[EventDate "2004.04.06"]
[EventType "swiss"]
[EventRounds "9"]
[EventCountry "GER"]
[SourceTitle "EXT 2011"]
[Source "ChessBase"]
[SourceDate "2010.11.26"]
[SourceVersion "1"]
[SourceVersionDate "2010.11.26"]
[SourceQuality "1"]

1. c4 Nf6 2. g3 c5 3. Bg2 d5 4. cxd5 Nxd5 5. Nc3 Nc7 6. d3 e5 7. Be3 Nc6 8. Bxc6+ bxc6 9. Qa4 Bd7 10. Nf3 f6 11. Ne4 Ne6 12. 0-0 Nd4 13. Bxd4 cxd4 14. Qc4 Qa5 15. Rfc1 Rb8 16. Qc2 Qb5 17. b4 Be7 18. a3 0-0 19. Nc5 Bg4 20. Qa2+ Kh8 21. Kg2 a5 22. h3 Bc8 23. Rab1 Ra8 24. Ne6 Bxe6 25. Qxe6 Rfe8 26. Qxc6 Qxc6 27. Rxc6 Rab8 28. Rc4 Kg8 29. Ne1 axb4 30. axb4 Rb5 31. Nc2 Reb8 32. g4 1/2-1/2

[Event "Mittelfranken-ch HT 52nd"]
[Site "Uttenreuth"]
[Date "2003.04.19"]
[Round "9"]
[White "Lutz, Dieter"]
[Black "Koepf, Reinhard"]
[Result "1-0"]
[WhiteElo "2139"]
[BlackElo "2074"]
[PlyCount "103"]
[EventDate "2003.04.15"]
[EventType "swiss"]
[EventRounds "9"]
[EventCountry "GER"]
[SourceTitle "EXT 2011"]
[Source "ChessBase"]
[SourceDate "2010.11.26"]
[SourceVersion "1"]
[SourceVersionDate "2010.11.26"]
[SourceQuality "1"]

1. e4 c6 2. d4 d5 3. Nd2 dxe4 4. Nxe4 Bf5 5. Ng3 Bg6 6. h4 h6 7. Nf3 e6 8. h5 Bh7 9. Bd3 Bxd3 10. Qxd3 Qa5+ 11. Bd2 Qa6 12. Qxa6 Nxa6 13. 0-0-0 Nf6 14. c4 Bd6 15. Bc3 Rc8 16. Ne5 0-0 17. f4 c5 18. dxc5 Bxe5 19. fxe5 Ng4 20. Rh4 Ne3 21. Rd2 Nxc5 22. Re2 Nf5 23. Nxf5 exf5 24. Kc2 Ne6 25. b3 Rfd8 26. Rf2 f4 27. g3 fxg3 28. Rg2 Rd7 29. Rxg3 a6 30. Rd3 Rcd8 31. Rxd7 Rxd7 32. Rh2 Kf8 33. Rd2 Ke8 34. Rxd7 Kxd7 35. Bd2 Nc5 36. b4 Ne4 37. Bf4 Ke6 38. Kd3 Nf2+ 39. Kd4 Ng4 40. a4 f6 41. exf6 Nxf6 42. b5 axb5 43. cxb5 Nxh5 44. Be5 Nf6 45. a5 Nd7 46. Bxg7 h5 47. Bh6 h4 48. Bf4 h3 49. Bh2 Ke7 50. a6 bxa6 51. bxa6 Kd8 52. a7 1-0

[Event "Mittelfranken-ch HT 52nd"]
[Site "Uttenreuth"]
[Date "2003.04.18"]
[Round "8"]
[White "Koepf, Reinhard"]
[Black "Bildt, Thomas"]
[Result "1/2-1/2"]
[WhiteElo "2074"]
[BlackElo "2075"]
[PlyCount "26"]
[EventDate "2003.04.15"]
[EventType "swiss"]
[EventRounds "9"]
[EventCountry "GER"]
[SourceTitle "EXT 2011"]
[Source "ChessBase"]
[SourceDate "2010.11.26"]
[SourceVersion "1"]
[SourceVersionDate "2010.11.26"]
[SourceQuality "1"]

1. c4 e6 2. Nc3 d5 3. d4 c6 4. g3 Nf6 5. Bg2 dxc4 6. a4 Bb4 7. Nf3 b6 8. Ne5 Bb7 9. Nxc4 Nd5 10. Qb3 Qe7 11. 0-0 0-0 12. e4 Nxc3 13. bxc3 Bd6 1/2-1/2

[Event "Mittelfranken-ch HT 52nd"]
[Site "Uttenreuth"]
[Date "2003.04.17"]
[Round "6"]
[White "Koepf, Reinhard"]
[Black "Hirn, Oskar"]
[Result "1/2-1/2"]
[WhiteElo "2074"]
[BlackElo "2330"]
[PlyCount "31"]
[EventDate "2003.04.15"]
[EventType "swiss"]
[EventRounds "9"]
[EventCountry "GER"]
[SourceTitle "EXT 2011"]
[Source "ChessBase"]
[SourceDate "2010.11.26"]
[SourceVersion "1"]
[SourceVersionDate "2010.11.26"]
[SourceQuality "1"]

1. c4 e6 2. Nc3 d5 3. d4 Nf6 4. g3 Be7 5. Bg2 0-0 6. Nf3 dxc4 7. Qa4 a6 8. Qxc4 b5 9. Qb3 Bb7 10. 0-0 c5 11. dxc5 Bxc5 12. Bg5 Nbd7 13. Nd2 Bxg2 14. Kxg2 Qb6 15. Nce4 Qb7 16. Qf3 1/2-1/2

[Event "Mittelfranken-ch HT 52nd"]
[Site "Uttenreuth"]
[Date "2003.04.17"]
[Round "5"]
[White "Koepf, Reinhard"]
[Black "Roeder, Frank"]
[Result "1/2-1/2"]
[WhiteElo "2074"]
[BlackElo "2320"]
[PlyCount "23"]
[EventDate "2003.04.15"]
[EventType "swiss"]
[EventRounds "9"]
[EventCountry "GER"]
[SourceTitle "EXT 2011"]
[Source "ChessBase"]
[SourceDate "2010.11.26"]
[SourceVersion "1"]
[SourceVersionDate "2010.11.26"]
[SourceQuality "1"]

1. d4 d5 2. Nf3 Nf6 3. Bg5 Bf5 4. Nbd2 Nbd7 5. e3 e6 6. Nh4 h6 7. Bxf6 Nxf6 8. Nxf5 exf5 9. Bd3 g6 10. 0-0 Bd6 11. Nf3 c6 12. g3 1/2-1/2

[Event "Landesliga Nord 0203"]
[Site "Bayern"]
[Date "2003.03.30"]
[Round "9.3"]
[White "Schoenau, Werner"]
[Black "Koepf, Reinhard"]
[Result "1-0"]
[WhiteElo "2172"]
[BlackElo "2089"]
[PlyCount "65"]
[EventDate "2002.10.20"]
[EventType "team"]
[EventRounds "9"]
[EventCountry "GER"]
[SourceTitle "EXT 2004"]
[Source "ChessBase"]
[SourceDate "2003.11.25"]
[SourceVersion "1"]
[SourceVersionDate "2003.11.25"]
[SourceQuality "1"]
[WhiteTeam "Dettingen"]
[BlackTeam "Forchheim II"]
[WhiteTeamCountry "GER"]
[BlackTeamCountry "GER"]

1. g3 Nf6 2. Bg2 d5 3. Nf3 g6 4. 0-0 Bg7 5. d3 Nbd7 6. Nbd2 e5 7. e4 c6 8. b4 0-0 9. Bb2 Qc7 10. Re1 d4 11. c3 dxc3 12. Bxc3 Ng4 13. h3 Nh6 14. Nc4 b5 15. Na5 Nb6 16. Rc1 Be6 17. Ba1 f6 18. Rxc6 Qd7 19. d4 Rad8 20. Qc1 Bxh3 21. dxe5 Bxg2 22. e6 Qe7 23. Kxg2 Rd6 24. Nd4 Rxc6 25. Naxc6 Qb7 26. e7 Re8 27. Ne6 Qd7 28. Nxg7 Kxg7 29. Qxh6+ Kxh6 30. Bxf6 g5 31. Ne5 Qg4 32. Nxg4+ Kg6 33. Rd1 1-0

[Event "Landesliga Nord 0203"]
[Site "Bayern"]
[Date "2003.02.09"]
[Round "6.4"]
[White "Koepf, Reinhard"]
[Black "Polzer, Hans"]
[Result "1/2-1/2"]
[WhiteElo "2089"]
[BlackElo "2130"]
[PlyCount "146"]
[EventDate "2002.10.20"]
[EventType "team"]
[EventRounds "9"]
[EventCountry "GER"]
[SourceTitle "EXT 2004"]
[Source "ChessBase"]
[SourceDate "2003.11.25"]
[SourceVersion "1"]
[SourceVersionDate "2003.11.25"]
[SourceQuality "1"]
[WhiteTeam "Forchheim II"]
[BlackTeam "Cham"]
[WhiteTeamCountry "GER"]
[BlackTeamCountry "GER"]

1. d4 Nf6 2. Nf3 g6 3. c4 Bg7 4. Nc3 0-0 5. e4 d6 6. Be2 e5 7. 0-0 Nh5 8. Re1 Na6 9. h3 h6 10. d5 Qf6 11. Be3 Nf4 12. Bf1 g5 13. Nh2 Qg6 14. g4 Bf6 15. f3 Kg7 16. Ne2 Nxe2+ 17. Qxe2 h5 18. Bg2 h4 19. Qd2 Be7 20. b4 c5 21. a3 b6 22. Bf1 f6 23. Rab1 Qe8 24. Rec1 Bd8 25. Bd3 Bd7 26. Nf1 Rc8 27. Qe2 Rf7 28. Bd2 Be7 29. Ne3 Kf8 30. Nd1 Kg7 31. Be3 Bf8 32. Nc3 Qd8 33. Qd2 Be8 34. Rb2 Kg8 35. Rcb1 Rh7 36. Qe2 Rf7 37. Bc2 Rfc7 38. Bd3 Rf7 39. Bd2 Rh7 40. Nb5 Bxb5 41. cxb5 Nb8 42. bxc5 Rxc5 43. Bc4 Rc8 44. Rc1 Rhc7 45. Rbc2 Nd7 46. Bb4 Kg7 47. a4 Be7 48. a5 Nc5 49. Ba2 Qd7 50. Bc4 Nb7 51. axb6 axb6 52. Ra1 Nc5 53. Raa2 Ra7 54. Bxc5 Rxc5 55. Rxa7 Qxa7 56. Ra2 Qd7 57. Ra4 Bd8 58. Qa2 Rc7 59. Kf1 Rb7 60. Ke2 Kf7 61. Kd3 Ke7 62. Qa3 Qc7 63. Ra6 Qc5 64. Qxc5 dxc5 65. Ra8 Rd7 66. Kc3 Kd6 67. Rc8 Bc7 68. Rh8 Bd8 69. Re8 Be7 70. Rb8 Bd8 71. Bb3 Kc7 72. Ra8 Kb7 73. Ra2 Rd6 1/2-1/2

[Event "Landesliga Nord 0102"]
[Site "Bayern"]
[Date "2002.04.14"]
[Round "8.5"]
[White "Koepf, Reinhard"]
[Black "Ertl, Rolf"]
[Result "1/2-1/2"]
[WhiteElo "2070"]
[BlackElo "2110"]
[PlyCount "144"]
[EventDate "2001.10.07"]
[EventType "team"]
[EventRounds "9"]
[EventCountry "GER"]
[SourceTitle "EXT 2003"]
[Source "ChessBase"]
[SourceDate "2002.11.25"]
[SourceVersion "1"]
[SourceVersionDate "2002.11.25"]
[SourceQuality "1"]
[WhiteTeam "Forchheim II"]
[BlackTeam "Koetzting"]
[WhiteTeamCountry "GER"]
[BlackTeamCountry "GER"]

1. c4 Nf6 2. Nc3 e5 3. g3 d5 4. cxd5 Nxd5 5. Bg2 Nb6 6. Nf3 Nc6 7. d3 Be7 8. 0-0 0-0 9. a3 Be6 10. b4 f6 11. Be3 a6 12. Ne4 Nd5 13. Bc5 b6 14. Bxe7 Ndxe7 15. Nc3 Qd7 16. Re1 Rad8 17. Qa4 Nd4 18. Qxd7 Rxd7 19. Rac1 Nb3 20. Rc2 a5 21. Nd2 axb4 22. axb4 Nxd2 23. Rxd2 c5 24. bxc5 bxc5 25. Ne4 Rc8 26. Rc1 Rdc7 27. Nd6 Rb8 28. Rdc2 Nc8 29. Ne4 Bf5 30. Rxc5 Rxc5 31. Nxc5 Ne7 32. Ne4 Rb2 33. Bf3 Be6 34. Nc5 Bd5 35. Bxd5+ Nxd5 36. Kf1 Rb8 37. Ne4 Rd8 38. Rc6 Ne7 39. Rc7 Nd5 40. Rb7 Rc8 41. Nd6 Rc1+ 42. Kg2 Kf8 43. Rf7+ Kg8 44. Rd7 Kf8 45. Ne4 Ne7 46. h4 Ke8 47. Ra7 Kf7 48. Nd6+ Ke6 49. Ra6 Rc6 50. Rxc6 Nxc6 51. Nb5 h5 52. Kf3 f5 53. e3 Kf6 54. d4 g5 55. hxg5+ Kxg5 56. d5 e4+ 57. Ke2 Ne5 58. Nd4 Nc4 59. Ne6+ Kg4 60. Ng7 Nd6 61. Ne6 h4 62. gxh4 Kxh4 63. f3 Kg3 64. fxe4 fxe4 65. Nc5 Kg4 66. Kf2 Kf5 67. Ne6 Ke5 68. Nf4 Nf5 69. Ke2 Ne7 70. Kd2 Nxd5 71. Nxd5 Kxd5 72. Kc3 Kc5 1/2-1/2

[Event "Mittelfranken-ch HT 51st"]
[Site "Zirndorf"]
[Date "2002.??.??"]
[Round "7"]
[White "Koepf, Reinhard"]
[Black "Kirchner, Norbert"]
[Result "1/2-1/2"]
[WhiteElo "2072"]
[BlackElo "2035"]
[PlyCount "46"]
[EventDate "2002.03.26"]
[EventType "swiss"]
[EventRounds "9"]
[EventCountry "GER"]
[SourceTitle "EXT 2011"]
[Source "ChessBase"]
[SourceDate "2010.11.26"]
[SourceVersion "1"]
[SourceVersionDate "2010.11.26"]
[SourceQuality "1"]

1. d4 d5 2. Nf3 Nf6 3. Bg5 Nbd7 4. e3 e6 5. Nbd2 c5 6. c3 Bd6 7. Bd3 a6 8. a4 h6 9. Bh4 Qc7 10. Qe2 0-0 11. Rc1 c4 12. Bc2 b5 13. e4 dxe4 14. Nxe4 Bb7 15. Nxd6 Qxd6 16. Bg3 Qd5 17. 0-0 Qh5 18. Bd1 Bc6 19. Ne5 Qxe2 20. Bxe2 Nxe5 21. Bxe5 Nd5 22. a5 Rac8 23. Rfe1 Rfd8 1/2-1/2

[Event "Mittelfranken-ch QT 50th"]
[Site "Buechenbach"]
[Date "2001.??.??"]
[Round "7"]
[White "Heinz, Manfred"]
[Black "Koepf, Reinhard"]
[Result "0-1"]
[WhiteElo "1779"]
[BlackElo "1995"]
[PlyCount "48"]
[EventDate "2001.04.11"]
[EventType "swiss"]
[EventRounds "7"]
[EventCountry "GER"]
[SourceTitle "EXT 2015"]
[Source "ChessBase"]
[SourceDate "2014.11.20"]
[SourceVersion "1"]
[SourceVersionDate "2014.11.20"]
[SourceQuality "1"]

1. Nf3 Nf6 2. c4 b6 3. b3 Bb7 4. Bb2 e6 5. e3 Be7 6. Be2 0-0 7. 0-0 c5 8. d3 d5 9. Nbd2 Nbd7 10. Rc1 Re8 11. Re1 Bf8 12. Qc2 h6 13. cxd5 Nxd5 14. d4 Rc8 15. Qb1 cxd4 16. exd4 a6 17. Ne4 Rxc1 18. Rxc1 Qa8 19. Neg5 hxg5 20. Nxg5 g6 21. Bg4 Nf4 22. Rc7 Nh5 23. Rxd7 Re7 24. Nxf7 Kxf7 0-1

[Event "Mittelfranken-ch QT 50th"]
[Site "Buechenbach"]
[Date "2001.??.??"]
[Round "6"]
[White "Koepf, Reinhard"]
[Black "Bachstein, Dustin"]
[Result "1/2-1/2"]
[WhiteElo "1995"]
[BlackElo "1770"]
[PlyCount "119"]
[EventDate "2001.04.11"]
[EventType "swiss"]
[EventRounds "7"]
[EventCountry "GER"]
[SourceTitle "EXT 2015"]
[Source "ChessBase"]
[SourceDate "2014.11.20"]
[SourceVersion "1"]
[SourceVersionDate "2014.11.20"]
[SourceQuality "1"]

1. c4 f5 2. Nc3 e6 3. g3 Nf6 4. Bg2 Be7 5. d4 d5 6. Nh3 c6 7. 0-0 0-0 8. b3 Bd6 9. Bf4 Bxf4 10. Nxf4 Qe8 11. Na4 g5 12. Nd3 Nbd7 13. Nac5 Nxc5 14. Nxc5 Qe7 15. Qd2 Nd7 16. Nd3 h6 17. Rac1 Nf6 18. Ne5 Kg7 19. Qe3 Bd7 20. b4 Rfc8 21. a4 Be8 22. c5 a6 23. Rb1 Rc7 24. Rb2 Rcc8 25. Rfb1 Rc7 26. f3 Rac8 27. Qc3 Kh7 28. Re1 Qg7 29. Qd3 Kh8 30. e4 fxe4 31. fxe4 Bh5 32. exd5 exd5 33. Rf2 Nd7 34. b5 axb5 35. axb5 Nxe5 36. Rxe5 Rf7 37. Rxf7 Qxf7 38. Qf1 Qxf1+ 39. Bxf1 Re8 40. bxc6 bxc6 41. Rxe8+ Bxe8 42. Bh3 Kg7 43. Kf2 Kf6 44. Ke3 Ke7 45. Bc8 Bd7 46. Ba6 Kf6 47. Kf3 Kf5 48. h4 gxh4 49. gxh4 Kf6 50. Kf4 Be6 51. Bb7 Bd7 52. Ba8 Be8 53. Kg4 Bd7+ 54. Kf4 Be8 55. Bb7 Bd7 56. Ba6 Be6 57. Bb7 Bd7 58. h5 Ke6 59. Ba6 Kf6 60. Be2 1/2-1/2

[Event "Mittelfranken-ch QT 50th"]
[Site "Buechenbach"]
[Date "2001.??.??"]
[Round "2"]
[White "Koepf, Reinhard"]
[Black "Lowitz, Torsten"]
[Result "1-0"]
[WhiteElo "1995"]
[BlackElo "1770"]
[PlyCount "137"]
[EventDate "2001.04.11"]
[EventType "swiss"]
[EventRounds "7"]
[EventCountry "GER"]
[SourceTitle "EXT 2015"]
[Source "ChessBase"]
[SourceDate "2014.11.20"]
[SourceVersion "1"]
[SourceVersionDate "2014.11.20"]
[SourceQuality "1"]

1. c4 f5 2. g3 Nf6 3. b3 g6 4. Bb2 Bg7 5. Bg2 0-0 6. Nf3 d6 7. d4 Qe8 8. 0-0 Nbd7 9. Nc3 c6 10. Rc1 h6 11. d5 Ne4 12. Nd4 Ndf6 13. e3 Nxc3 14. Bxc3 cxd5 15. cxd5 Qf7 16. Nb5 Bd7 17. Qd3 Bxb5 18. Qxb5 b6 19. Bxf6 Bxf6 20. Rc7 Rfc8 21. Rfc1 Qf8 22. Qd7 Rxc7 23. Rxc7 a6 24. a4 Qd8 25. Qc6 Rb8 26. Bf1 a5 27. Bd3 Bb2 28. Qc2 Be5 29. Bb5 Kf7 30. Bd7 Kg7 31. h4 h5 32. Kg2 Kf7 33. f4 Bf6 34. Be6+ Kg7 35. Qc6 Kf8 36. Kf3 Bb2 37. Qc4 Bf6 38. Rc6 Kg7 39. e4 fxe4+ 40. Kxe4 Kh6 41. Kf3 Qf8 42. Kg2 Bb2 43. f5 Qf6 44. Qf4+ Kg7 45. fxg6 Qxf4 46. gxf4 Kxg6 47. Rc2 Bd4 48. Kf3 b5 49. Rg2+ Kh7 50. Rg5 bxa4 51. Rxh5+ Kg6 52. Rg5+ Kh7 53. bxa4 Bf6 54. Rg2 Rb4 55. Bd7 Rb3+ 56. Kg4 Kh6 57. h5 Rb4 58. Kf5 Rb8 59. Bb5 Rf8 60. Ke6 Kxh5 61. f5 Rc8 62. Rg6 Rc1 63. Rxf6 Re1+ 64. Kd7 exf6 65. Kxd6 Kg5 66. Bd7 Kf4 67. Kc5 Ke5 68. Be6 Rb1 69. d6 1-0

[Event "Landesliga Nord 0001"]
[Site "Bayern"]
[Date "2000.11.12"]
[Round "2"]
[White "Goetz, Andreas"]
[Black "Koepf, Reinhard"]
[Result "1/2-1/2"]
[WhiteElo "1776"]
[BlackElo "1985"]
[PlyCount "150"]
[EventDate "2000.10.15"]
[EventType "team-tourn"]
[EventRounds "9"]
[EventCountry "GER"]
[SourceTitle "EXT 2020"]
[Source "ChessBase"]
[SourceDate "2019.10.17"]
[SourceVersion "1"]
[SourceVersionDate "2019.10.17"]
[SourceQuality "1"]
[WhiteTeam "Schwabach"]
[BlackTeam "Forchheim II"]
[WhiteTeamCountry "GER"]
[BlackTeamCountry "GER"]

1. d4 Nf6 2. Nf3 d5 3. c4 c6 4. e3 e6 5. Qc2 Nbd7 6. Nbd2 Bd6 7. b3 0-0 8. Bb2 Re8 9. Be2 e5 10. dxe5 Nxe5 11. 0-0 Qe7 12. cxd5 Nxd5 13. Nxe5 Bxe5 14. Bxe5 Qxe5 15. Nf3 Qf6 16. Nd4 Qg5 17. Nf3 Qe7 18. Rac1 Bg4 19. Qc5 Qxc5 20. Rxc5 Rad8 21. Rc4 Nf6 22. Rfc1 h6 23. h3 Bh5 24. Kf1 Ne4 25. g4 Bg6 26. Rd4 Rxd4 27. Nxd4 Rd8 28. Ke1 Kf8 29. Bc4 Nd6 30. Be2 Ke7 31. Rc5 f6 32. Bf3 Rd7 33. Kf1 Ne4 34. Bxe4 Bxe4 35. b4 g6 36. Ke2 Rd6 37. a3 Bd5 38. h4 Be6 39. f3 Rd5 40. Rxd5 Bxd5 41. Kd3 Ba2 42. Ne2 Kd6 43. Nc3 Be6 44. Ne4+ Ke7 45. Kd4 b6 46. Nf2 Kd6 47. Nd3 g5 48. hxg5 hxg5 49. Nf2 Bd5 50. f4 gxf4 51. exf4 c5+ 52. bxc5+ bxc5+ 53. Ke3 c4 54. Kd4 Be6 55. Ne4+ Ke7 56. f5 Bc8 57. Kxc4 Ba6+ 58. Kd5 Be2 59. g5 fxg5 60. Nxg5 Kf6 61. Ne4+ Ke7 62. f6+ Kf7 63. Ke5 Bd1 64. Nd6+ Kf8 65. Kd5 Bf3+ 66. Kc5 Be2 67. Kc6 Bf3+ 68. Kc7 Be2 69. Kb7 a6 70. f7 Bd3 71. Kc6 Be2 72. Kd5 Ke7 73. Kc6 Kf8 74. a4 Bd1 75. a5 Be2 1/2-1/2

[Event "Landesliga Nord 0001"]
[Site "Bayern"]
[Date "2000.10.15"]
[Round "1"]
[White "Koepf, Reinhard"]
[Black "Strube, Frank"]
[Result "0-1"]
[WhiteElo "1985"]
[BlackElo "2190"]
[PlyCount "68"]
[EventDate "2000.10.15"]
[EventType "team-tourn"]
[EventRounds "9"]
[EventCountry "GER"]
[SourceTitle "EXT 2020"]
[Source "ChessBase"]
[SourceDate "2019.10.17"]
[SourceVersion "1"]
[SourceVersionDate "2019.10.17"]
[SourceQuality "1"]
[WhiteTeam "Forchheim II"]
[BlackTeam "Zirndorf"]
[WhiteTeamCountry "GER"]
[BlackTeamCountry "GER"]

1. c4 Nf6 2. Nc3 d6 3. g3 e5 4. Bg2 Be7 5. e3 0-0 6. Nge2 c6 7. 0-0 Be6 8. b3 d5 9. d3 Na6 10. Bb2 Qd7 11. Rc1 Rad8 12. a3 Bh3 13. b4 Bxg2 14. Kxg2 dxc4 15. dxc4 Qg4 16. Qb3 Rd3 17. f3 Qg5 18. Rcd1 Qxe3 19. Rxd3 Qxd3 20. Rd1 Qf5 21. Nb1 h5 22. Qc3 e4 23. Nd4 exf3+ 24. Nxf3 Re8 25. Re1 Bf8 26. Rxe8 Nxe8 27. Nbd2 Nac7 28. Nd4 Qg6 29. N2f3 Nd6 30. Qc1 Ne6 31. Nxe6 Qxe6 32. Ne5 f6 33. c5 Nf5 34. Nc4 Qxc4 0-1

[Event "Regionalliga NO 9697"]
[Site "Bayern"]
[Date "1997.??.??"]
[Round "?"]
[White "Boca, Harald"]
[Black "Koepf, Reinhard"]
[Result "1-0"]
[WhiteElo "1950"]
[BlackElo "1925"]
[PlyCount "140"]
[EventDate "1996.10.??"]
[EventType "team-tourn"]
[EventRounds "9"]
[EventCountry "GER"]
[SourceTitle "EXT 1999"]
[Source "ChessBase"]
[SourceDate "1998.11.16"]
[SourceVersion "1"]
[SourceVersionDate "1998.11.16"]
[SourceQuality "1"]
[WhiteTeam "Regensburg Fortuna II"]
[BlackTeam "Nuernberg Grundig SC"]
[WhiteTeamCountry "GER"]
[BlackTeamCountry "GER"]

1. d4 Nf6 2. c4 g6 3. Nc3 Bg7 4. e4 d6 5. f3 0-0 6. Be3 e5 7. d5 Ne8 8. Qd2 f5 9. exf5 gxf5 10. Bd3 c6 11. 0-0-0 Na6 12. Bh6 Qc7 13. Bxg7 Qxg7 14. Nge2 Bd7 15. g4 fxg4 16. fxg4 Nc5 17. Ne4 cxd5 18. Nxc5 dxc5 19. cxd5 Nd6 20. Nc3 Rf4 21. Qe3 c4 22. Bc2 b5 23. Rhe1 b4 24. Ne4 Nxe4 25. Bxe4 Ba4 26. Bc2 Bxc2 27. Kxc2 Qg6+ 28. Kc1 b3 29. axb3 cxb3 30. Qd3 Rc8+ 31. Kb1 Rf2 32. Qxg6+ hxg6 33. Re3 Rxh2 34. d6 Rd8 35. Rxb3 Rh7 36. Rc1 Rhd7 37. Rc7 Rxd6 38. Rbb7 e4 39. Rg7+ Kh8 40. Rh7+ Kg8 41. Rbg7+ Kf8 42. Rxa7 Kg8 43. Rhe7 Rd1+ 44. Ka2 R1d4 45. Rg7+ Kf8 46. Rxg6 e3 47. Rf6+ Kg8 48. Re6 Rxg4 49. Rxe3 Rb8 50. Rb3 Rc8 51. Rbb7 Rg2 52. Ka3 Rg1 53. b4 Kf8 54. Ka4 Ra1+ 55. Kb5 Rxa7 56. Rxa7 Re8 57. Kc6 Re6+ 58. Kd5 Re1 59. Rc7 Ke8 60. Kc6 Kd8 61. Kb6 Rb1 62. Rc4 Kd7 63. b5 Kd8 64. Ka6 Ra1+ 65. Kb7 Rb1 66. b6 Kd7 67. Rd4+ Ke6 68. Kc7 Rc1+ 69. Kb8 Rc2 70. b7 Ra2 1-0

[Event "Regionalliga NO 9697"]
[Site "Bayern"]
[Date "1996.??.??"]
[Round "?"]
[White "Koepf, Reinhard"]
[Black "Hein, Manfred"]
[Result "1-0"]
[WhiteElo "1925"]
[BlackElo "2060"]
[PlyCount "143"]
[EventDate "1996.10.??"]
[EventType "team-tourn"]
[EventRounds "9"]
[EventCountry "GER"]
[SourceTitle "EXT 1999"]
[Source "ChessBase"]
[SourceDate "1998.11.16"]
[SourceVersion "1"]
[SourceVersionDate "1998.11.16"]
[SourceQuality "1"]
[WhiteTeam "Nuernberg Grundig SC"]
[BlackTeam "Gunzenhausen"]
[WhiteTeamCountry "GER"]
[BlackTeamCountry "GER"]

1. d4 d5 2. Nf3 c6 3. c4 Nf6 4. Nc3 dxc4 5. a4 Nd5 6. e4 Nb4 7. Bxc4 e6 8. 0-0 Be7 9. Be3 a5 10. Qb3 0-0 11. Rfd1 Qc7 12. Rac1 Nd7 13. d5 exd5 14. exd5 Nc5 15. Bxc5 Bxc5 16. Ne4 Bb6 17. d6 Qd7 18. Ne5 Qf5 19. Nxf7 Rxf7 20. Bxf7+ Qxf7 21. Qxf7+ Kxf7 22. d7 Ke7 23. Nc5 Nd5 24. dxc8Q Rxc8 25. Nxb7 Kd7 26. Nc5+ Kd6 27. Ne4+ Ke5 28. Nc3 Rf8 29. Nxd5 cxd5 30. Re1+ Kd6 31. Re2 Rf4 32. Rec2 Bd8 33. b3 Rb4 34. Rc3 Bf6 35. Rd3 Rb8 36. g3 d4 37. Kg2 Kd5 38. f3 Bd8 39. Rc2 Rb7 40. Rc8 Bb6 41. Kf2 Rd7 42. Rb8 Kc5 43. f4 h5 44. Kf3 g6 45. h3 Rd6 46. Re8 Kd5 47. Re5+ Kc6 48. Ke4 Rf6 49. g4 hxg4 50. hxg4 Bc7 51. Rxd4 Bxe5 52. Kxe5 Rf8 53. Rd6+ Kc5 54. Rxg6 Rb8 55. Ra6 Re8+ 56. Kf5 Rf8+ 57. Ke4 Kb4 58. f5 Kxb3 59. Rxa5 Kb4 60. Ra7 Kc5 61. g5 Re8+ 62. Kf4 Kd5 63. g6 Re1 64. Rd7+ Kc6 65. Rd4 Kc5 66. Re4 Rg1 67. Ke5 Kc6 68. Kf6 Kd5 69. Re8 Rb1 70. g7 Rb6+ 71. Kf7 Rb7+ 72. Kf8 1-0

[Event "Landesliga Nord 9596"]
[Site "Bayern"]
[Date "1996.??.??"]
[Round "?"]
[White "Krupkova, Petra"]
[Black "Koepf, Reinhard"]
[Result "1-0"]
[WhiteElo "2145"]
[BlackElo "1905"]
[PlyCount "80"]
[EventDate "1995.10.??"]
[EventType "team-tourn"]
[EventRounds "9"]
[EventCountry "GER"]
[SourceTitle "EXT 2020"]
[Source "ChessBase"]
[SourceDate "2019.10.17"]
[SourceVersion "1"]
[SourceVersionDate "2019.10.17"]
[SourceQuality "1"]
[WhiteTeam "Bamberg SC II"]
[BlackTeam "Nuernberg Grundig SC"]
[WhiteTeamCountry "GER"]
[BlackTeamCountry "GER"]

1. d4 Nf6 2. c4 d6 3. Nc3 Nbd7 4. e4 e5 5. Nf3 Be7 6. g3 0-0 7. Bg2 c6 8. 0-0 Re8 9. h3 Qc7 10. Re1 Nf8 11. b3 Ng6 12. Bb2 Bd7 13. Qd2 Rad8 14. d5 a6 15. dxc6 bxc6 16. Rac1 h6 17. Red1 Nh7 18. Qe2 Qc8 19. Kh2 Be6 20. Na4 Ng5 21. Ng1 c5 22. Nb6 Qb7 23. Nd5 Bf8 24. Qd2 Bc8 25. Rf1 Ne6 26. Bc3 Bd7 27. Ba5 Rb8 28. f4 Nd4 29. Nf3 Bc6 30. Nxd4 exd4 31. Rb1 Qd7 32. b4 Bxd5 33. cxd5 f6 34. h4 Rb5 35. Bh3 Qb7 36. a4 Rxa5 37. bxa5 Qa7 38. Be6+ Kh8 39. Rb6 Rd8 40. Rfb1 Kh7 1-0